| 000 | 00527cam a2200205ua 4500 | ||
|---|---|---|---|
| 020 | _c7.50 | ||
| 041 |
_aeng _h |
||
| 082 |
_a910 _bHEI/WO |
||
| 100 | _aHeintzelman, Oliver H . | ||
| 245 |
_aWorld regional geography / _cOliver H Heintzelman. _hTextual Documents |
||
| 250 |
_a2 / _b. |
||
| 260 |
_aNew Delhi : _bPrentice Hall of India Pvt Ltd. , _c1965. |
||
| 300 | _a391 ; . | ||
| 365 | _a7.50 | ||
| 500 | _a**Reference | ||
| 504 | _a | ||
| 700 | 1 | _aHighsmith, Richard . | |
| 942 | _cBK | ||
| 999 |
_c7919 _d7919 |
||